000
00291nam a2200109 4500
999
_c
9703
_d
9703
003
OSt
005
20211216161304.0
008
211216b ||||| |||| 00| 0 eng d
245
_a
National building code of India 1983 city planning 2
260
_a
Delhi
_b
Bureau of Indian standards
942
_2
ddc